00517nam a2200169Ia 4500008004100000020001500041041000800056082001700064100002000081245002700101250000600128260003800134300001500172650003100187999001900218952011000237210716s1993 xx 000 0 und d a8170291283 aeng a005.268 COWR aCowart, Robert. aMastering windows 3.1. a1 aNew DelhibBPB Publicationsc1993 axxxvii,964 aMicrosoft Windows(005.269) c182790d182790 001040708MCAaAIMITbAIMITd2021-07-16l0o005.268 COWRpMCA02298r2026-05-23 00:00:00w2021-07-16yBK